| 000 | 00544nam a2200157 i 4500 | ||
|---|---|---|---|
| 001 | 55439 | ||
| 003 | ES-MaACL | ||
| 005 | 20230906163139.0 | ||
| 007 | t| | ||
| 008 | 030919s1935 fr ||||1| fre d | ||
| 100 | 1 |
_aDerieux, Henry. _943771 |
|
| 245 | 1 | 3 |
_aLa poesie française contemporaine _b: 1885-1935 avec une bibliographie des ouvrages generaux, une table analytique des matières et un index des noms cités / _cHenry Dérieux. |
| 260 |
_aParis : _bMercure de France, _c1935. |
||
| 300 |
_a293 p. ; _c19 cm. |
||
| 852 |
_aES-MaACL _jA-4535 |
||
| 999 |
_c55439 _d55439 |
||